2025-26 Eagles Roster - Statistics

General Stats
  • This quiz has been taken 65 times
  • The average score is 25 of 51
Answer Stats
Position Name % Correct
Quarterback Jalen Hurts
100%
Wide Receiver A. J. Brown
87%
Wide Receiver DeVonta Smith
87%
Running Back Saquon Barkley
87%
Linebacker Nolan Smith Jr.
85%
Safety Sydney Brown
85%
Tight End Dallas Goedert
77%
Offensive Lineman Fred Johnson
77%
Offensive Lineman Lane Johnson
77%
Cornerback Cooper DeJean
75%
Wide Receiver Jahan Dotson
74%
Defensive Lineman Jalen Carter
74%
Cornerback Quinyon Mitchell
72%
Cornerback Michael Carter II
70%
Offensive Lineman Jordan Mailata
64%
Running Back Tank Bigsby
64%
Place Kicker Jake Elliott
62%
Safety Reed Blankenship
62%
Linebacker Zack Baun
62%
Offensive Lineman Cam Jurgens
60%
Defensive Lineman Jordan Davis
57%
Offensive Lineman Landon Dickerson
57%
Cornerback Adoree’ Jackson
53%
Tight End Grant Calcaterra
53%
Running Back Will Shipley
49%
Punter Braden Mann
45%
Defensive Lineman Brandon Graham
45%
Linebacker Nakobe Dean
45%
Running Back A. J. Dillon
43%
Linebacker Jihaad Campbell
43%
Linebacker Jaelan Phillips
42%
Cornerback Kelee Ringo
42%
Offensive Lineman Brett Toth
34%
Wide Receiver Darius Cooper
34%
Linebacker Jalyx Hunt
32%
Linebacker Jeremiah Trotter Jr.
32%
Defensive Lineman Moro Ojomo
32%
Safety Andrew Mukuba
30%
Quarterback Sam Howell
28%
Offensive Lineman Tyler Steen
28%
Tight End Kylen Granson
21%
Tight End Cameron Latu
17%
Cornerback Jakorian Bennett
17%
Linebacker Smael Mondon Jr.
15%
Defensive Lineman Ty Robinson
15%
Wide Receiver Xavier Gipson
15%
Linebacker Joshua Uche
13%
Offensive Lineman Matt Pryor
13%
Cornerback Mac McWilliams
11%
Long Snapper Cal Adomitis
9%
Offensive Lineman Drew Kendall
9%
No matching quizzes found
Score Distribution
Percent of People with Each Score
Percentile by Number Answered
Your Score History
You have not taken this quiz